000 00590cam a22002053a 4500
001 39537
003 PGUSA
005 20140828083858.0
008 120425s2012||||xxu|||||s|||||000 | eng d
040 _aPGUSA
_beng
042 _adc
100 1 _aPower, Eileen,
_d1889-1940
245 1 0 _aMedieval English Nunneries c. 1275 to 1535
_h[electronic resource] /
_cEileen Power
260 _bProject Gutenberg,
_c2012
506 _aPublic domain in the USA.
516 _aElectronic text
830 0 _aProject Gutenberg
_v39537
856 4 0 _uhttp://www.gutenberg.org/ebooks/39537
942 _cEB
999 _c268790
_d268790